[Event "Africa-ch U20"]
[Site "Bejaia"]
[Date "2022.11.15"]
[Round "4"]
[White "Emmanuel, Joy Idara"]
[Black "Nhamuave, Eleazar"]
[Result "1/2-1/2"]
[WhiteElo "2114"]
[BlackElo "1706"]
[PlyCount "71"]
[EventDate "2022.11.13"]
[EventType "swiss"]
[EventRounds "9"]
[EventCountry "ALG"]
[SourceTitle "CBM 211 Extra"]
[Source "ChessBase"]
[SourceDate "2023.01.31"]
[SourceVersion "1"]
[SourceVersionDate "2023.01.31"]
[SourceQuality "1"]

1. e4 e5 2. Nf3 Nc6 3. Bb5 Nf6 4. d3 Bc5 5. c3 0-0 6. 0-0 d5 7. Qe2 dxe4 8. dxe4 Qe7 9. Bg5 a6 10. Ba4 b5 11. Bb3 Be6 12. Nbd2 h6 13. Be3 Bxe3 14. Qxe3 Rfd8 15. Rfd1 Bg4 16. h3 Bh5 17. Nf1 Na5 18. Ng3 Bg6 19. Nd2 c5 20. Bc2 Nd5 21. Qf3 Nf4 22. Ne2 Ne6 23. Qg3 Qg5 24. Qxg5 hxg5 25. Bb3 Nxb3 26. axb3 f6 27. f3 Rd6 28. Nf1 Rad8 29. Rxd6 Rxd6 30. Kf2 Bf7 31. Ne3 Nf4 32. Nxf4 gxf4 33. Nd5 Bxd5 34. Rd1 c4 35. b4 Kf7 36. exd5 1/2-1/2

[Event "World Cup U18 Prel"]
[Site "Tornelo INT"]
[Date "2021.08.19"]
[Round "8"]
[White "Emanuel, Mutuna"]
[Black "Nhamuave, Eleazar"]
[Result "1/2-1/2"]
[WhiteElo "1924"]
[BlackElo "1701"]
[PlyCount "120"]
[EventDate "2021.08.16"]
[EventType "swiss (rapid)"]
[EventRounds "10"]
[EventCountry "NET"]
[SourceTitle "CBM 203 Extra"]
[Source "ChessBase"]
[SourceDate "2021.09.30"]
[SourceVersion "1"]
[SourceVersionDate "2021.09.30"]
[SourceQuality "1"]

1. e4 c5 2. Nf3 g6 3. d4 cxd4 4. Nxd4 Bg7 5. c4 Nc6 6. Be3 Nf6 7. Nc3 0-0 8. Be2 e6 9. 0-0 d5 10. exd5 exd5 11. cxd5 Nxd5 12. Nxc6 bxc6 13. Nxd5 Qxd5 14. Bf3 Qxd1 15. Rfxd1 Bf5 16. Rac1 Bxb2 17. Rxc6 Rac8 18. Bxa7 Rxc6 19. Bxc6 Ba3 20. Bd5 Be6 21. Bxe6 fxe6 22. Rd3 Bb4 23. a3 Ra8 24. axb4 Rxa7 25. g3 Ra1+ 26. Kg2 Rb1 27. Rd8+ Kf7 28. Rb8 Ke7 29. b5 Kd6 30. b6 Rb3 31. Rh8 Rxb6 32. Rxh7 Ke5 33. Rf7 g5 34. Kh3 Rb4 35. Rf8 Ra4 36. Kg2 Ra3 37. f4+ gxf4 38. Rxf4 Kd5 39. h4 e5 40. Rf8 e4 41. h5 Ra2+ 42. Kh3 e3 43. Re8 Kd4 44. h6 Ra6 45. g4 Rxh6+ 46. Kg3 Kd3 47. g5 Rd6 48. Kg4 e2 49. Kh5 Rd4 50. g6 Re4 51. Rxe4 Kxe4 52. g7 e1Q 53. g8Q Qh1+ 54. Kg6 Qg2+ 55. Kf7 Qf3+ 56. Ke8 Qh5+ 57. Qf7 Qb5+ 58. Qd7 Qb8+ 59. Ke7 Qb4+ 60. Ke8 Qb8+ 1/2-1/2

[Event "World Cup U18 Prel"]
[Site "Tornelo INT"]
[Date "2021.08.19"]
[Round "7"]
[White "Nhamuave, Eleazar"]
[Black "Li, Shing Hei"]
[Result "1-0"]
[WhiteElo "1701"]
[BlackElo "1292"]
[PlyCount "91"]
[EventDate "2021.08.16"]
[EventType "swiss (rapid)"]
[EventRounds "10"]
[EventCountry "NET"]
[SourceTitle "CBM 203 Extra"]
[Source "ChessBase"]
[SourceDate "2021.09.30"]
[SourceVersion "1"]
[SourceVersionDate "2021.09.30"]
[SourceQuality "1"]

1. d4 Nf6 2. g3 c5 3. Bg2 cxd4 4. Qxd4 Nc6 5. Qd1 g6 6. e4 Bg7 7. Ne2 0-0 8. 0-0 d6 9. Nbc3 a6 10. Nd5 Nxd5 11. exd5 Ne5 12. c3 b5 13. Nd4 Bb7 14. f4 Nc4 15. Nc6 Qb6+ 16. Kh1 e6 17. Re1 Rfe8 18. a4 exd5 19. Ne7+ Kf8 20. Nxd5 Qf2 21. Rf1 Qc5 22. b3 Bxd5 23. Qxd5 Bxc3 24. Qxc5 dxc5 25. Rb1 Nd6 26. Bxa8 Rxa8 27. Bb2 b4 28. Bxc3 bxc3 29. Rbc1 Ne4 30. f5 Rb8 31. Rf4 gxf5 32. Rxf5 Rxb3 33. Kg2 Rb2+ 34. Kf3 Nd2+ 35. Kg4 Rb4+ 36. Rf4 Ne4 37. Kf5 Nd6+ 38. Ke5 Nc4+ 39. Kd5 Nb2 40. Rxc3 Nxa4 41. Ra3 c4 42. Raf3 Nb6+ 43. Kc5 Rb5+ 44. Kc6 f5 45. Rxf5+ Rxf5 46. Rxf5+ 1-0

[Event "World Cup U18 Prel"]
[Site "Tornelo INT"]
[Date "2021.08.17"]
[Round "4"]
[White "Subelj, Jan"]
[Black "Nhamuave, Eleazar"]
[Result "1-0"]
[WhiteElo "2412"]
[BlackElo "1701"]
[PlyCount "61"]
[EventDate "2021.08.16"]
[EventType "swiss (rapid)"]
[EventRounds "10"]
[EventCountry "NET"]
[SourceTitle "CBM 203 Extra"]
[Source "ChessBase"]
[SourceDate "2021.09.30"]
[SourceVersion "1"]
[SourceVersionDate "2021.09.30"]
[SourceQuality "1"]

1. c4 g6 2. d4 Bg7 3. Nc3 Nf6 4. e4 d6 5. Nge2 Nbd7 6. Ng3 e5 7. d5 a5 8. Be2 b6 9. h4 Nc5 10. h5 h6 11. hxg6 fxg6 12. Be3 Bd7 13. Qd2 h5 14. Bg5 Qe7 15. 0-0-0 a4 16. f3 a3 17. b3 Qf8 18. Rhf1 Bh6 19. f4 Nh7 20. Nxh5 exf4 21. Bxf4 Bxf4 22. Nxf4 Qg7 23. e5 dxe5 24. Ne6 Bxe6 25. dxe6 Nxe6 26. Bf3 0-0 27. Bxa8 Rxa8 28. Qd5 Re8 29. Qc6 Re7 30. Nd5 Qh6+ 31. Kb1 1-0

[Event "Pretoria Capablanca C"]
[Site "Pretoria"]
[Date "2018.04.29"]
[Round "5"]
[White "Nhamuave, Eleazar"]
[Black "Oberholzer, Imarie"]
[Result "1/2-1/2"]
[WhiteElo "1602"]
[BlackElo "1562"]
[PlyCount "90"]
[EventDate "2018.04.26"]
[EventType "tourn"]
[EventRounds "9"]
[EventCountry "RSA"]
[SourceTitle "CBM 184 Extra"]
[Source "ChessBase"]
[SourceDate "2018.06.28"]
[SourceVersion "1"]
[SourceVersionDate "2018.06.28"]
[SourceQuality "1"]

1. d4 Nf6 2. c4 c5 3. d5 b5 4. cxb5 a6 5. bxa6 Bxa6 6. Nc3 d6 7. e4 Bxf1 8. Kxf1 Nbd7 9. Nf3 g6 10. g3 Bg7 11. Kg2 0-0 12. a4 Ra6 13. Qc2 Qa8 14. Nb5 Rc8 15. Bd2 Ne8 16. Bc3 Nc7 17. Nxc7 Rxc7 18. Bxg7 Kxg7 19. h4 h5 20. Ra2 Rb7 21. a5 Nf6 22. Rha1 Rb5 23. Qc3 Kg8 24. Nd2 Nd7 25. f3 Ne5 26. Nc4 Nxc4 27. Qxc4 Rbxa5 28. Rxa5 Rxa5 29. Rxa5 Qxa5 30. Qc3 Qxc3 31. bxc3 f6 32. f4 Kf7 33. Kf3 e6 34. Ke3 exd5 35. exd5 Ke7 36. Kd3 Kd7 37. Kc4 Kc7 38. Kb5 Kb7 39. Ka5 Ka7 40. Kb5 Kb7 41. f5 gxf5 42. Ka5 Ka7 43. c4 f4 44. gxf4 f5 45. Kb5 Kb7 1/2-1/2

[Event "South African op"]
[Site "Durban"]
[Date "2017.07.15"]
[Round "3"]
[White "Nhamuave, Eleazar"]
[Black "Tembo, Epah"]
[Result "1-0"]
[WhiteElo "1615"]
[BlackElo "1818"]
[PlyCount "79"]
[EventDate "2017.07.14"]
[EventType "swiss"]
[EventRounds "11"]
[EventCountry "RSA"]
[SourceTitle "EXT 2018"]
[Source "ChessBase"]
[SourceDate "2017.10.13"]
[SourceVersion "1"]
[SourceVersionDate "2017.10.13"]
[SourceQuality "1"]

1. Nf3 e6 2. g3 d5 3. Bg2 Nf6 4. 0-0 c5 5. c4 Be7 6. d3 0-0 7. cxd5 exd5 8. Nc3 Nc6 9. Bf4 a6 10. Rc1 b6 11. d4 c4 12. Ne5 Bb7 13. Bg5 b5 14. Bxf6 gxf6 15. Ng4 Na5 16. Ne3 f5 17. Nxf5 Bg5 18. e3 b4 19. Na4 Qf6 20. Qf3 Rad8 21. h4 Bc8 22. Bh3 Bxf5 23. Bxf5 Bxh4 24. gxh4 Kh8 25. Qh5 h6 26. Nc5 Rg8+ 27. Kh1 Rg7 28. Rg1 Rdg8 29. Nd7 Rxg1+ 30. Rxg1 Rxg1+ 31. Kxg1 Qg7+ 32. Kh1 c3 33. bxc3 bxc3 34. Ne5 Kg8 35. Ng4 Nc4 36. Nxh6+ Kf8 37. Bd3 Na3 38. Nf5 Qf6 39. Qd1 Qc6 40. Qb3 1-0

[Event "RSA-ch U14"]
[Site "Gauteng"]
[Date "2017.04.08"]
[Round "7"]
[White "Nhamuave, Eleazar"]
[Black "Dhevcharran, Kahill"]
[Result "1/2-1/2"]
[WhiteElo "1527"]
[BlackElo "1324"]
[PlyCount "65"]
[EventDate "2017.04.05"]
[EventType "swiss"]
[EventRounds "11"]
[EventCountry "RSA"]
[SourceTitle "CBM 177 Extra"]
[Source "ChessBase"]
[SourceDate "2017.04.27"]
[SourceVersion "1"]
[SourceVersionDate "2017.04.27"]
[SourceQuality "1"]

1. e4 e5 2. Nf3 Nc6 3. Bb5 a6 4. Ba4 Nf6 5. 0-0 Be7 6. Re1 b5 7. Bb3 0-0 8. c3 d6 9. h3 Re8 10. d4 exd4 11. cxd4 Bb7 12. Nc3 h6 13. Bc2 Bf8 14. d5 Nb8 15. b4 c6 16. Bb2 Nbd7 17. dxc6 Bxc6 18. Nd4 Bb7 19. Nf5 Ne5 20. Nd5 Nxd5 21. exd5 g6 22. Ne3 Bg7 23. f4 Nd7 24. Bxg7 Kxg7 25. Qd4+ Qf6 26. Qd2 h5 27. f5 g5 28. g4 h4 29. Nf1 Ne5 30. Nh2 Rac8 31. Rac1 Nc4 32. Qd3 Ne5 33. Qd2 1/2-1/2

[Event "RSA-ch U12"]
[Site "Waterkloof"]
[Date "2015.04.09"]
[Round "9"]
[White "Schoeman, Ewald"]
[Black "Nhamuave, Eleazar"]
[Result "1-0"]
[WhiteElo "1346"]
[BlackElo "1298"]
[PlyCount "89"]
[EventDate "2015.04.04"]
[EventType "swiss"]
[EventRounds "9"]
[EventCountry "RSA"]
[SourceTitle "CBM 166 Extra"]
[Source "ChessBase"]
[SourceDate "2015.06.18"]
[SourceVersion "1"]
[SourceVersionDate "2015.06.18"]
[SourceQuality "1"]

1. e4 d5 2. exd5 Nf6 3. c4 g6 4. d4 Bg7 5. Nc3 b6 6. Nf3 Bb7 7. Bd3 0-0 8. 0-0 Nbd7 9. Bf4 Nh5 10. Be3 f5 11. g3 f4 12. gxf4 Nxf4 13. Bxf4 Rxf4 14. Ne4 Qf8 15. Nfg5 Qf5 16. Ne6 Rf3 17. Be2 Rf4 18. Nxf4 Qxf4 19. Ng3 Bxd4 20. Bg4 Ne5 21. Be6+ Kh8 22. Qe2 c6 23. Kg2 Rd8 24. Rad1 cxd5 25. cxd5 Rd6 26. Ne4 Rxe6 27. Rxd4 Ng4 28. dxe6 Qxh2+ 29. Kf3 Nf6 30. Ke3 Qe5 31. f3 Nd5+ 32. Rxd5 Qxd5 33. Qd3 Qxe6 34. Qd8+ Kg7 35. Qc7 Ba6 36. Rd1 Bb5 37. Qxa7 h5 38. Rd6 Qc8 39. Qxe7+ Kh6 40. Qg5+ Kh7 41. Qxg6+ Kh8 42. Qh6+ Kg8 43. Rg6+ Kf7 44. Qh7+ Kf8 45. Rg8# 1-0

[Event "RSA-ch U12"]
[Site "Waterkloof"]
[Date "2015.04.07"]
[Round "6"]
[White "Nhamuave, Eleazar"]
[Black "Fihla, Lonwabo Luvuyo"]
[Result "1-0"]
[WhiteElo "1298"]
[BlackElo "1290"]
[PlyCount "99"]
[EventDate "2015.04.04"]
[EventType "swiss"]
[EventRounds "9"]
[EventCountry "RSA"]
[SourceTitle "CBM 166 Extra"]
[Source "ChessBase"]
[SourceDate "2015.06.18"]
[SourceVersion "1"]
[SourceVersionDate "2015.06.18"]
[SourceQuality "1"]

1. e4 e5 2. Nf3 Nc6 3. Nc3 Nf6 4. d4 exd4 5. Nxd4 Nxd4 6. Qxd4 c5 7. Qe5+ Be7 8. Qg3 0-0 9. Be2 Kh8 10. 0-0 b6 11. Bf3 Bb7 12. e5 Bxf3 13. exf6 Bxf6 14. Qxf3 Qc7 15. Nd5 Qc6 16. Nxf6 Qxf3 17. gxf3 gxf6 18. Bd2 d5 19. b3 h5 20. Kh1 Rfe8 21. Rae1 Re6 22. f4 Rae8 23. Kg2 Re2 24. Rxe2 Rxe2 25. Rd1 f5 26. Kf3 Re4 27. Re1 Kg7 28. Rg1+ Kh6 29. Rg5 Rd4 30. Bc3 Rd1 31. Be5 Rd2 32. c3 Rxa2 33. Rxf5 Ra3 34. Rxf7 Rxb3 35. Rxa7 d4 36. Ke4 dxc3 37. Kf5 Rb4 38. Bg7+ Kh7 39. Bxc3+ Kg8 40. Bxb4 cxb4 41. Rb7 b3 42. Rxb6 Kf7 43. Rxb3 h4 44. Rb7+ Ke8 45. Ke6 Kd8 46. f5 Kc8 47. Rd7 Kb8 48. f6 Ka8 49. f7 Kb8 50. f8Q# 1-0